Only Fifty years ago

Gespeichert in:
Bibliographische Detailangaben
1. Verfasser: Hasty Carrol, Gladys
Format: Buch
Sprache:Undetermined
Veröffentlicht: Boston, Estados Unidos Little, Brown and Company 1962
Schlagworte:
Tags: Tag hinzufügen
Keine Tags, Fügen Sie den ersten Tag hinzu!

MARC

LEADER 00000nam a2200000Ia 4500
008 170316s9999 xx 000 0 und d
040 |a cru BVZT 
090 |a 820 H-6o 
100 |a Hasty Carrol, Gladys 
245 |a Only Fifty years ago 
260 |a Boston, Estados Unidos 
260 |b Little, Brown and Company 
260 |c 1962 
300 |a 277 páginas 
650 |a LITERATURA INGLESA 
999 |c 6953  |d 6953 
942 |c 15 D  |h 820 H-6o  |2 z